00545nam a2200181 b 4500003000500000005001700005008004100022020003000063040003600093041001300129082002200142245006700164260003700231300003700268521001000305700002500315710002300340322820230905124037.0210817s9999 xx 000 0 und d a9781928314325qPaperback  aOCLCbEnglish cOCLCd3228eRDA aEnglish  a306.87430968 UMAM 0aUmama, recollections of South African mothers and grandmothers aSouth Africa:bSun Media,c2017. a176 Pages:bIllustrationsc22 cm aAdult aMarion KeimeEditor  aAfrican Sun Media